Statistics for Squares up to 25

Click here to take the quiz!

General Stats

  • This quiz has been taken 3,936 times
  • The average score is 21 of 25

Answer Stats

NumberSquared% Correct
11
100%
24
99%
39
99%
416
98%
525
98%
636
98%
10100
97%
749
97%
864
97%
981
97%
11121
96%
12144
95%
13169
92%
15225
89%
14196
88%
16256
79%
20400
79%
17289
71%
18324
66%
21441
64%
19361
62%
22484
58%
25625
56%
23529
47%
24576
43%

Score Distribution

Percentile by Number Answered

Percent of People with Each Score

Your Score History

You have not taken this quiz